000 00657nam a2200253Ia 4500
003 OSt
005 20220918185136.0
006 a|||||r|||| 00| 0
007 ta
008 220917b |||||||| |||| 00| 0 eng d
024 _a49,827
037 _cTextual
040 _aARTS
_cARTS
_beng
041 _2eng
_aeng
082 _aP:75, G6 (PD)
100 _aRichards I A
245 0 _aPhilosophy of rhetoric
260 _aNew York
_bOUP
_c1936
300 _a138p.
_ccm.
490 _aMary flexner lectures on the humanties; 3
650 _aLINGUISTICS
942 _hP:75, G6 (PD)
_cTEXL
_2CC
999 _c179427
_d179427